[Event "RUS-ch Higher League (Women) 75th"]
[Site "Lipetsk"]
[Date "2025.07.05"]
[Round "9"]
[White "Shafigullina, Zarina"]
[Black "Karmanova, Olga Dm"]
[Result "0-1"]
[WhiteElo "2153"]
[BlackElo "2323"]
[PlyCount "98"]
[EventDate "2025.06.26"]
[EventType "swiss"]
[EventRounds "9"]
[EventCountry "RUS"]
[SourceTitle "CB28_2025"]
[SourceDate "2025.07.09"]
[SourceVersion "1"]
[SourceVersionDate "2025.07.09"]
[SourceQuality "1"]

1. d4 Nf6 2. c4 e6 3. Nf3 d5 4. g3 Bb4+ 5. Bd2 Be7 6. Bg2 Nbd7 7. Qc2 c6 8. Bf4 0-0 9. 0-0 Ne4 10. Nc3 g5 11. Be3 Nd6 12. cxd5 cxd5 13. Rad1 b5 14. Ne5 Bb7 15. f4 Rc8 16. Qd3 b4 17. Nb1 f5 18. Nxd7 Qxd7 19. fxg5 Qa4 20. Bf4 Ne4 21. Nd2 Rc2 22. g4 Rxb2 23. gxf5 exf5 24. Nxe4 dxe4 25. Qc4+ Rf7 26. Rd2 Rxd2 27. Bxd2 Qc6 28. Qxc6 Bxc6 29. Bh3 Bd7 30. d5 Bc5+ 31. Kh1 e3 32. Bc1 Bb5 33. Rxf5 Bxe2 34. Rxf7 Kxf7 35. Kg2 Bd3 36. Kf3 e2 37. Bd2 a5 38. Be6+ Ke7 39. h4 a4 40. Bg8 Kf8 41. Be6 b3 42. axb3 a3 43. d6 a2 44. d7 Bb6 45. Bb4+ Kg7 46. Bc3+ Kg6 47. Bd4 e1Q 48. Bxb6 Qe2+ 49. Kg3 a1Q 0-1

[Event "RUS-ch Higher League (Women) 75th"]
[Site "Lipetsk"]
[Date "2025.07.04"]
[Round "8"]
[White "Karmanova, Olga Dm"]
[Black "Kovalevskaya, Ekaterina"]
[Result "0-1"]
[WhiteElo "2323"]
[BlackElo "2270"]
[PlyCount "86"]
[EventDate "2025.06.26"]
[EventType "swiss"]
[EventRounds "9"]
[EventCountry "RUS"]
[SourceTitle "CB28_2025"]
[SourceDate "2025.07.09"]
[SourceVersion "1"]
[SourceVersionDate "2025.07.09"]
[SourceQuality "1"]

1. d4 Nf6 2. c4 e6 3. g3 c5 4. d5 exd5 5. cxd5 d6 6. Nc3 g6 7. Bg2 Bg7 8. Nf3 0-0 9. 0-0 Re8 10. Re1 Nbd7 11. h3 Ne4 12. Nxe4 Rxe4 13. Qc2 Nf6 14. Bg5 Bf5 15. Qc1 Re8 16. Nd2 h6 17. Bxf6 Qxf6 18. e4 Bd7 19. e5 Rxe5 20. Ne4 Qd8 21. Nxd6 Rxe1+ 22. Qxe1 b6 23. Nc4 Qf6 24. Rd1 Re8 25. Qd2 b5 26. Ne3 Qd6 27. b3 h5 28. Qd3 a6 29. Re1 Bd4 30. b4 Bxe3 31. Rxe3 Rxe3 32. Qxe3 cxb4 33. Qd4 a5 34. h4 a4 35. Be4 b3 36. axb3 a3 37. Qa7 b4 38. Kh2 Kg7 39. Bg2 Qf6 40. d6 Qxd6 41. Bf1 Be6 42. Bc4 Bxc4 43. bxc4 b3 0-1

[Event "RUS-ch Higher League (Women) 75th"]
[Site "Lipetsk"]
[Date "2025.07.03"]
[Round "7"]
[White "Karmanova, Olga Dm"]
[Black "Zhapova, Yana"]
[Result "0-1"]
[WhiteElo "2323"]
[BlackElo "2251"]
[PlyCount "102"]
[EventDate "2025.06.26"]
[EventType "swiss"]
[EventRounds "9"]
[EventCountry "RUS"]
[SourceTitle "CB28_2025"]
[SourceDate "2025.07.09"]
[SourceVersion "1"]
[SourceVersionDate "2025.07.09"]
[SourceQuality "1"]

1. Nf3 Nf6 2. g3 b5 3. Bg2 Bb7 4. 0-0 e6 5. c4 bxc4 6. Qa4 c5 7. Na3 Bc6 8. Qxc4 d5 9. Qc2 Nbd7 10. d4 Rc8 11. Bf4 Qb6 12. Rac1 cxd4 13. e3 Bxa3 14. bxa3 dxe3 15. Bxe3 Qa6 16. Nd4 Bb7 17. Qb2 0-0 18. Nb5 Ba8 19. Qb4 Rb8 20. a4 Bc6 21. Rb1 Nb6 22. Nxa7 Bxa4 23. Rfc1 Nbd7 24. Qa3 Ne5 25. Bf1 Nc4 26. Rxb8 Rxb8 27. Qc5 Ne4 28. Qc7 Qd6 29. Rxc4 dxc4 30. Qxc4 Qb4 31. Qc7 Re8 32. Kg2 Nf6 33. Bc5 Qe4+ 34. Kg1 Nd5 35. Qa5 Qc2 36. a3 h6 37. Bd6 Nc3 38. Qb6 Qd1 39. Kg2 Bb3 40. f3 Bd5 41. Qe3 Qc2+ 42. Kg1 Nd1 43. Qc5 Qxc5+ 44. Bxc5 Bxf3 45. a4 e5 46. Bb5 Rd8 47. a5 Nc3 48. Kf2 Nxb5 49. Nxb5 Rd5 50. Bb6 Rxb5 51. Kxf3 Kf8 0-1

[Event "RUS-ch Higher League (Women) 75th"]
[Site "Lipetsk"]
[Date "2025.07.02"]
[Round "6"]
[White "Loskutova, Viktoriya"]
[Black "Karmanova, Olga Dm"]
[Result "1/2-1/2"]
[WhiteElo "2092"]
[BlackElo "2323"]
[PlyCount "86"]
[EventDate "2025.06.26"]
[EventType "swiss"]
[EventRounds "9"]
[EventCountry "RUS"]
[SourceTitle "CB28_2025"]
[SourceDate "2025.07.09"]
[SourceVersion "1"]
[SourceVersionDate "2025.07.09"]
[SourceQuality "1"]

1. e4 c6 2. d4 d5 3. e5 Bf5 4. Nf3 e6 5. Be2 c5 6. Be3 cxd4 7. Nxd4 Ne7 8. 0-0 Nbc6 9. Bb5 a6 10. Bxc6+ bxc6 11. c4 Qd7 12. Nc3 dxc4 13. Na4 Nd5 14. Nxf5 exf5 15. Rc1 c3 16. Nxc3 Nxe3 17. Qxd7+ Kxd7 18. fxe3 g6 19. Rfd1+ Ke7 20. Ne2 Bh6 21. Kf2 Rhc8 22. Rc5 Rab8 23. b3 Rb5 24. Rdc1 Kd7 25. Kf3 Bg7 26. Kf4 Rb4+ 27. R1c4 Rxc4+ 28. Rxc4 Re8 29. Rc5 Bh6+ 30. Kf3 Bf8 31. Ra5 Ra8 32. e4 fxe4+ 33. Kxe4 Kc7 34. Ra4 Kb6 35. Rd4 Re8 36. Rd7 f6 37. Rxh7 Rxe5+ 38. Kd3 Rd5+ 39. Kc4 Rd2 40. Nc3 Rxg2 41. Na4+ Ka5 42. Rf7 Bd6 43. Rxf6 Rg4+ 1/2-1/2

[Event "RUS-ch Higher League (Women) 75th"]
[Site "Lipetsk"]
[Date "2025.06.26"]
[Round "1"]
[White "Karmanova, Olga Dm"]
[Black "Vlasova, Olesia"]
[Result "1-0"]
[WhiteElo "2323"]
[BlackElo "2085"]
[PlyCount "89"]
[EventDate "2025.06.26"]
[EventType "swiss"]
[EventRounds "9"]
[EventCountry "RUS"]
[SourceTitle "CB28_2025"]
[SourceDate "2025.07.09"]
[SourceVersion "1"]
[SourceVersionDate "2025.07.09"]
[SourceQuality "1"]

1. d4 Nf6 2. c4 g6 3. Nc3 d5 4. Nf3 Bg7 5. e3 0-0 6. cxd5 Nxd5 7. Bc4 Nxc3 8. bxc3 c5 9. Qe2 Nc6 10. 0-0 Qc7 11. Rd1 b6 12. Ba3 Na5 13. Bd3 Bd7 14. h3 Rfd8 15. e4 Ba4 16. Rdc1 e6 17. Rab1 Qd7 18. e5 Bh6 19. Re1 cxd4 20. cxd4 Bc6 21. Be4 Rac8 22. Bxc6 Qxc6 23. Red1 Rd7 24. Nh2 Qc2 25. Qb5 Rd5 26. Qa6 Rcd8 27. Ng4 Bg5 28. Qxa7 Rxd4 29. Rxd4 Qxb1+ 30. Kh2 Rc8 31. Qd7 Qc2 32. f4 h5 33. Ne3 Qc7 34. Qxc7 Bxf4+ 35. Rxf4 Rxc7 36. Bb2 Rd7 37. Rd4 Ra7 38. Rb4 Nc6 39. Rxb6 Rxa2 40. Nc4 Ne7 41. Rb8+ Kg7 42. Nd6 g5 43. Rb7 Kg6 44. Rxe7 Rxb2 45. Rxf7 1-0

[Event "RUS-chT (Women)"]
[Site "Sochi"]
[Date "2025.05.05"]
[Round "9.1"]
[White "Karmanova, Olga Dm"]
[Black "Kleymenova, Valeria"]
[Result "1/2-1/2"]
[WhiteElo "2317"]
[BlackElo "2143"]
[PlyCount "125"]
[EventDate "2025.04.26"]
[EventType "team-swiss"]
[EventRounds "9"]
[EventCountry "RUS"]
[SourceTitle "CB19_2025"]
[SourceDate "2025.05.07"]
[SourceVersion "1"]
[SourceVersionDate "2025.05.07"]
[SourceQuality "1"]
[WhiteTeam "St Petersburg SSHOR (W)"]
[BlackTeam "Novosibirsk GAU (W)"]
[WhiteTeamCountry "RUS"]
[BlackTeamCountry "RUS"]

1. d4 d5 2. c4 e6 3. Nf3 Nf6 4. g3 Bb4+ 5. Bd2 Be7 6. Bg2 Nbd7 7. 0-0 c6 8. Qc2 Ne4 9. Be3 0-0 10. Rd1 b6 11. Ne5 Nxe5 12. dxe5 Nc5 13. Nc3 Bb7 14. Rac1 Rc8 15. f4 Nd7 16. Bf2 b5 17. b3 bxc4 18. bxc4 Ba6 19. Rb1 Bxc4 20. Rb7 Nc5 21. Rxa7 Ra8 22. Rxa8 Qxa8 23. e4 Qa6 24. exd5 cxd5 25. Bd4 Rc8 26. f5 Bd3 27. Qf2 Bxf5 28. Nxd5 Bf8 29. Ne3 Bg6 30. Bf1 Qa4 31. Qb2 Ne4 32. Qb3 Qxb3 33. axb3 Rd8 34. Bb5 Be7 35. Kg2 Bg5 36. Ba7 Rxd1 37. Nxd1 Be7 38. Ne3 Nd2 39. Ba4 Be4+ 40. Kf2 Nf3 41. Bb8 Bc5 42. Ke2 Nxh2 43. Bd6 Bd4 44. b4 Nf3 45. Nc4 Bd5 46. Bc7 h5 47. b5 Bxc4+ 48. Kxf3 g5 49. Kg2 Kg7 50. b6 Bd5+ 51. Kh2 Bb7 52. Bb5 f6 53. exf6+ Bxf6 54. Be8 Kh6 55. Bf7 e5 56. Bd6 Bg7 57. Kg1 e4 58. Bc5 Be5 59. Kf2 h4 60. gxh4 gxh4 61. Be6 Bf4 62. Bh3 Kh5 63. Bd7 1/2-1/2

[Event "RUS-chT (Women)"]
[Site "Sochi"]
[Date "2025.04.29"]
[Round "4.2"]
[White "Karmanova, Olga Dm"]
[Black "Eryshkanova, Anastasiya"]
[Result "1-0"]
[WhiteElo "2317"]
[BlackElo "2221"]
[PlyCount "77"]
[EventDate "2025.04.26"]
[EventType "team-swiss"]
[EventRounds "9"]
[EventCountry "RUS"]
[SourceTitle "CB19_2025"]
[SourceDate "2025.05.07"]
[SourceVersion "1"]
[SourceVersionDate "2025.05.07"]
[SourceQuality "1"]
[WhiteTeam "St Petersburg SSHOR (W)"]
[BlackTeam "Moscow Region (W)"]
[WhiteTeamCountry "RUS"]
[BlackTeamCountry "RUS"]

1. d4 Nf6 2. c4 e6 3. g3 d5 4. Bg2 Bb4+ 5. Bd2 Be7 6. Nf3 0-0 7. 0-0 c6 8. Qc2 b6 9. Rd1 Nbd7 10. Bf4 Bb7 11. Nc3 dxc4 12. Nd2 Nd5 13. Nxc4 Nxf4 14. gxf4 Qc7 15. e3 c5 16. d5 exd5 17. Nxd5 Bxd5 18. Rxd5 Nf6 19. Rd3 Rad8 20. Ne5 Rxd3 21. Qxd3 Rd8 22. Qb3 Bd6 23. Nc6 Rd7 24. Bf3 h5 25. a4 a6 26. Qc4 Bf8 27. Ne5 Rd2 28. Qxa6 Ng4 29. Nc4 Rc2 30. Bxg4 hxg4 31. Qxb6 Qe7 32. Qb3 Qe4 33. Ne5 c4 34. Qb8 f6 35. Nd7 Rxf2 36. Qxf8+ Kh7 37. Nxf6+ gxf6 38. Qf7+ Kh8 39. Qh5+ 1-0

[Event "RUS-chT (Women)"]
[Site "Sochi"]
[Date "2025.04.28"]
[Round "3.2"]
[White "Sinitsina, Anastassia"]
[Black "Karmanova, Olga Dm"]
[Result "1/2-1/2"]
[WhiteElo "2228"]
[BlackElo "2317"]
[PlyCount "68"]
[EventDate "2025.04.26"]
[EventType "team-swiss"]
[EventRounds "9"]
[EventCountry "RUS"]
[SourceTitle "CB19_2025"]
[SourceDate "2025.05.07"]
[SourceVersion "1"]
[SourceVersionDate "2025.05.07"]
[SourceQuality "1"]
[WhiteTeam "St Petersburg SSHOR (W) II"]
[BlackTeam "St Petersburg SSHOR (W)"]
[WhiteTeamCountry "RUS"]
[BlackTeamCountry "RUS"]

1. e4 c6 2. d4 d5 3. Nd2 dxe4 4. Nxe4 Bf5 5. Ng3 Bg6 6. Nh3 Nd7 7. Nf4 e5 8. Nxg6 hxg6 9. dxe5 Qa5+ 10. Bd2 Qxe5+ 11. Qe2 Ngf6 12. Qxe5+ Nxe5 13. f4 Ned7 14. 0-0-0 Bd6 15. Re1+ Kf8 16. Ne4 Nxe4 17. Rxe4 Nf6 18. Rd4 Bc5 19. Bb4 Bxb4 20. Rxb4 b6 21. Be2 c5 22. Ra4 a5 23. Ra3 Re8 24. Bf3 Re6 25. Rd3 Ke7 26. a4 Rd8 27. Rxd8 Kxd8 28. c3 Kc7 29. Rd1 Ne8 30. Bd5 Re7 31. Rd3 Nf6 32. Bf3 Ne8 33. Bd5 Nf6 34. Bf3 Ne8 1/2-1/2

[Event "Titled Tuesday intern op 01st Apr Early"]
[Site "Chess.com INT"]
[Date "2025.04.01"]
[Round "11"]
[White "Karmanova, Olga Dm"]
[Black "Chen, Yidong"]
[Result "1-0"]
[WhiteElo "2292"]
[BlackElo "2060"]
[PlyCount "85"]
[EventDate "2025.04.01"]
[EventType "swiss (blitz)"]
[EventRounds "11"]
[EventCountry "USA"]
[SourceTitle "CB15_2025"]
[SourceDate "2025.04.09"]
[SourceVersion "1"]
[SourceVersionDate "2025.04.09"]
[SourceQuality "1"]

1. d4 Nf6 2. c4 g6 3. Nc3 d5 4. cxd5 Nxd5 5. e4 Nxc3 6. bxc3 Bg7 7. Nf3 c5 8. Be3 Nc6 9. Be2 Qa5 10. 0-0 0-0 11. d5 Ne5 12. Nxe5 Bxe5 13. Rc1 b6 14. Qc2 Bd7 15. f4 Bg7 16. f5 Qa4 17. Qb1 Be5 18. Bf4 Bxf4 19. Rxf4 Rab8 20. Rcf1 b5 21. e5 Qa3 22. e6 fxe6 23. fxe6 Rxf4 24. Rxf4 Be8 25. Qe1 Qxa2 26. Bd3 Qxd5 27. Rf3 b4 28. c4 Qd4+ 29. Kh1 b3 30. h4 b2 31. h5 Qxd3 32. Rxd3 b1Q 33. Rd1 Qf5 34. h6 Qh5+ 35. Kg1 Qxh6 36. Qg3 Rb2 37. Rd8 Rb1+ 38. Kf2 Qc1 39. Rxe8+ Kg7 40. Qe5+ Kh6 41. Qh2+ Kg7 42. Rxe7+ Kf6 43. Qh4+ 1-0

[Event "Titled Tuesday intern op 01st Apr Early"]
[Site "Chess.com INT"]
[Date "2025.04.01"]
[Round "1"]
[White "Martin Fuentes, Alberto"]
[Black "Karmanova, Olga Dm"]
[Result "1-0"]
[WhiteElo "2376"]
[BlackElo "2292"]
[PlyCount "75"]
[EventDate "2025.04.01"]
[EventType "swiss (blitz)"]
[EventRounds "11"]
[EventCountry "USA"]
[SourceTitle "CB15_2025"]
[SourceDate "2025.04.09"]
[SourceVersion "1"]
[SourceVersionDate "2025.04.09"]
[SourceQuality "1"]

1. e4 c6 2. Nc3 d5 3. g3 dxe4 4. Nxe4 Bf5 5. Bg2 e6 6. Ne2 Nd7 7. 0-0 Ngf6 8. Nxf6+ Nxf6 9. d4 Be7 10. Re1 0-0 11. c3 Qd7 12. Nf4 Rfd8 13. Qb3 a5 14. a4 Qc7 15. Be3 Nd5 16. Bd2 Bd6 17. Ne2 h6 18. Rad1 Rab8 19. Bc1 b5 20. axb5 cxb5 21. Bxd5 exd5 22. Bf4 Be4 23. Bxd6 Qxd6 24. Nf4 Qf6 25. Re3 g5 26. Nd3 Qf5 27. Nc5 Bf3 28. Rde1 g4 29. Nd3 Be4 30. Qd1 b4 31. h4 bxc3 32. bxc3 Rb5 33. Nc5 Rxc5 34. dxc5 Rc8 35. Qd4 Qg6 36. Rxe4 dxe4 37. Rxe4 Rxc5 38. Rxg4 1-0

[Event "Titled Tuesday intern op 01st Apr Early"]
[Site "Chess.com INT"]
[Date "2025.04.01"]
[Round "10"]
[White "Shahinyan, Vladimir"]
[Black "Karmanova, Olga Dm"]
[Result "1/2-1/2"]
[WhiteElo "2278"]
[BlackElo "2292"]
[PlyCount "132"]
[EventDate "2025.04.01"]
[EventType "swiss (blitz)"]
[EventRounds "11"]
[EventCountry "USA"]
[SourceTitle "CB15_2025"]
[SourceDate "2025.04.09"]
[SourceVersion "1"]
[SourceVersionDate "2025.04.09"]
[SourceQuality "1"]

1. d4 Nf6 2. c4 e6 3. Bf4 d5 4. Nc3 Bd6 5. Bxd6 Qxd6 6. Nf3 c6 7. e3 0-0 8. Rc1 Nbd7 9. c5 Qe7 10. Bd3 e5 11. dxe5 Nxe5 12. Nxe5 Qxe5 13. 0-0 Bg4 14. Qa4 Rfd8 15. h3 Be6 16. Ne2 Ne4 17. Qd4 Qg5 18. Nf4 Nd2 19. Bxh7+ Kxh7 20. Qxd2 Bf5 21. Ne2 Bxh3 22. Ng3 Bg4 23. f4 Qh4 24. Kf2 Kg8 25. Qd4 Re8 26. Rh1 Qe7 27. Nh5 f6 28. Ng3 b6 29. cxb6 axb6 30. Rxc6 Qd7 31. Rhc1 Rxa2 32. Rxb6 Ra4 33. Rb4 Ra6 34. Rc5 Be6 35. Rcb5 Bf7 36. Rb7 Qg4 37. Qd3 Ra1 38. f5 Qg5 39. Qe2 Rc8 40. Rg4 Qh6 41. Rd4 Qh2 42. Rd1 Rcc1 43. Rxc1 Rxc1 44. Rb8+ Kh7 45. Nf1 Qh4+ 46. Kg1 Bh5 47. Qf2 Qc4 48. Qf4 Qxf4 49. exf4 Be2 50. Kf2 Bxf1 51. b4 Rb1 52. g4 Bc4 53. Ke3 Rb3+ 54. Kd4 Rd3+ 55. Kc5 Rf3 56. g5 Rxf4 57. g6+ Kh6 58. b5 Rxf5 59. b6 Ba6 60. Ra8 Bb7 61. Rb8 Ba6 62. Ra8 Bb7 63. Ra7 Bc8 64. Rc7 Ba6 65. Ra7 Bc8 66. Ra8 Bb7 1/2-1/2

[Event "Wch U20 Girls 41st"]
[Site "Petrovac"]
[Date "2025.03.07"]
[Round "11"]
[White "Karmanova, Olga Dm"]
[Black "Orian, Noga"]
[Result "1-0"]
[WhiteElo "2292"]
[BlackElo "2210"]
[PlyCount "66"]
[EventDate "2025.02.25"]
[EventType "swiss"]
[EventRounds "11"]
[EventCountry "MNE"]
[SourceTitle "CB11_2025"]
[SourceDate "2025.03.12"]
[SourceVersion "1"]
[SourceVersionDate "2025.03.12"]
[SourceQuality "1"]

1. d4 Nf6 2. c4 e6 3. g3 d5 4. Bg2 Be7 5. Nf3 0-0 6. Nc3 dxc4 7. Ne5 Nc6 8. Bxc6 bxc6 9. Nxc6 Qe8 10. Nxe7+ Qxe7 11. Qa4 Nd5 12. Qxc4 a5 13. 0-0 Ba6 14. Qa4 Rfd8 15. Nxd5 Rxd5 16. Re1 Rb8 17. Bf4 g5 18. e4 Rb4 19. Qa3 Rdxd4 20. Be5 Rdc4 21. Bc3 Qc5 22. Bxb4 Rxb4 23. Rac1 Qb5 24. Qe3 h6 25. Red1 Rxb2 26. Rd8+ Kg7 27. Qc3+ e5 28. Rd5 Qe2 29. Qxe5+ Kg6 30. Rc6+ Kh5 31. Rxh6+ Kxh6 32. Qf6+ Kh7 33. Qxf7+ Kh6 1-0

[Event "Wch U20 Girls 41st"]
[Site "Petrovac"]
[Date "2025.03.03"]
[Round "7"]
[White "Liuviann, Cecilia Natalie"]
[Black "Karmanova, Olga Dm"]
[Result "0-1"]
[WhiteElo "1964"]
[BlackElo "2292"]
[PlyCount "92"]
[EventDate "2025.02.25"]
[EventType "swiss"]
[EventRounds "11"]
[EventCountry "MNE"]
[SourceTitle "CB11_2025"]
[SourceDate "2025.03.12"]
[SourceVersion "1"]
[SourceVersionDate "2025.03.12"]
[SourceQuality "1"]

1. e4 c5 2. Nf3 d6 3. c3 Nf6 4. h3 Nc6 5. Bd3 d5 6. e5 c4 7. Bc2 Ne4 8. d3 cxd3 9. Qxd3 Bf5 10. Qe2 e6 11. 0-0 Bc5 12. Be3 Qb6 13. Bxc5 Qxc5 14. Kh2 0-0 15. Bd3 f6 16. b4 Qb6 17. b5 Nxe5 18. Nxe5 Qc7 19. g3 Qxe5 20. f4 Qd6 21. Bxe4 Bxe4 22. Nd2 Bf5 23. Rae1 Rae8 24. Qe3 b6 25. Nf3 Be4 26. Nd2 Bg6 27. Nf3 e5 28. Nh4 exf4 29. Qxf4 Qxf4 30. gxf4 Bd3 31. Rg1 Bxb5 32. Nf5 Rxe1 33. Rxe1 Re8 34. Rxe8+ Bxe8 35. a3 Kf8 36. Kg3 g6 37. Ne3 Bf7 38. Kf3 Ke7 39. Ng4 Be6 40. Nf2 Kd6 41. Ke3 Kc5 42. Kd2 Kc4 43. h4 Kb3 44. Nd3 Kxa3 45. Nb4 a5 46. Nc6 Kb2 0-1

[Event "Wch U20 Girls 41st"]
[Site "Petrovac"]
[Date "2025.02.25"]
[Round "1"]
[White "Karmanova, Olga Dm"]
[Black "Lindstad, Livia"]
[Result "1-0"]
[WhiteElo "2292"]
[BlackElo "2017"]
[PlyCount "99"]
[EventDate "2025.02.25"]
[EventType "swiss"]
[EventRounds "11"]
[EventCountry "MNE"]
[SourceTitle "CB11_2025"]
[SourceDate "2025.03.12"]
[SourceVersion "1"]
[SourceVersionDate "2025.03.12"]
[SourceQuality "1"]

1. e4 c5 2. Nf3 e6 3. d4 cxd4 4. Nxd4 Nc6 5. Nc3 Qc7 6. Be3 a6 7. Bd3 Nf6 8. Qe2 Bb4 9. 0-0 Ne5 10. f4 Nxd3 11. cxd3 Bxc3 12. Rac1 Qa5 13. Rxc3 d6 14. h3 h6 15. Nb3 Qh5 16. Qxh5 Nxh5 17. Rfc1 0-0 18. Na5 d5 19. Rc7 dxe4 20. Nc4 exd3 21. Nb6 Ng3 22. Nxa8 Ne2+ 23. Kf2 Nxc1 24. Bxc1 e5 25. Nb6 Be6 26. fxe5 f6 27. exf6 Rxf6+ 28. Ke3 Bxa2 29. Nd7 Rf1 30. Rc8+ Kh7 31. Kxd3 Rf2 32. Nf8+ Kg8 33. Ng6+ Kh7 34. Nf4 g5 35. Rc7+ Kg8 36. Nh5 Rxg2 37. b3 Rf2 38. Rxb7 Bb1+ 39. Ke3 Rf7 40. Rb6 Bc2 41. Nf6+ Kf8 42. Ba3+ Kg7 43. Bb2 Kf8 44. Rb8+ Ke7 45. Re8+ Kd6 46. Be5+ Kc5 47. Rc8+ Kb4 48. Rxc2 Kxb3 49. Rc3+ Kb4 50. Nd5+ 1-0

[Event "Titled Tuesday intern op 28th Jan Early"]
[Site "Chess.com INT"]
[Date "2025.01.28"]
[Round "7"]
[White "Aditya, Varun Gampa"]
[Black "Karmanova, Olga Dm"]
[Result "1-0"]
[WhiteElo "2180"]
[BlackElo "2316"]
[PlyCount "81"]
[EventDate "2025.01.28"]
[EventType "swiss (blitz)"]
[EventRounds "11"]
[EventCountry "USA"]
[SourceTitle "CB06_2025"]
[SourceDate "2025.02.05"]
[SourceVersion "1"]
[SourceVersionDate "2025.02.05"]
[SourceQuality "1"]

1. a3 Nf6 2. c4 g6 3. b4 Bg7 4. Bb2 0-0 5. Nf3 c6 6. g3 d5 7. cxd5 cxd5 8. Bg2 Bf5 9. 0-0 Nbd7 10. d3 Rc8 11. Nbd2 Nb6 12. a4 a6 13. Ra2 Bd7 14. Qa1 Ng4 15. Bxg7 Re8 16. h3 Nf6 17. Bh6 e5 18. Nxe5 Be6 19. Ndf3 d4 20. Ra3 Bf5 21. g4 Be6 22. g5 Nh5 23. Nxd4 Bd5 24. e4 Rxe5 25. exd5 Qd6 26. f4 Re3 27. Bf3 Qxf4 28. Bg2 Qg3 29. Qd1 Nxd5 30. Qg4 Rd8 31. Qxg3 Nxg3 32. Rf3 Rxf3 33. Nxf3 Nf4 34. Rb3 Nxd3 35. Bf1 Nf4 36. Re3 Nf5 37. Re4 Ne6 38. b5 axb5 39. axb5 Rd1 40. Re1 Rd3 41. Bxd3 1-0

[Event "Titled Tuesday intern op 28th Jan Early"]
[Site "Chess.com INT"]
[Date "2025.01.28"]
[Round "1"]
[White "Bukreev, Stanislav"]
[Black "Karmanova, Olga Dm"]
[Result "1-0"]
[WhiteElo "2321"]
[BlackElo "2316"]
[PlyCount "69"]
[EventDate "2025.01.28"]
[EventType "swiss (blitz)"]
[EventRounds "11"]
[EventCountry "USA"]
[SourceTitle "CB06_2025"]
[SourceDate "2025.02.05"]
[SourceVersion "1"]
[SourceVersionDate "2025.02.05"]
[SourceQuality "1"]

1. d4 Nf6 2. c4 e6 3. Nf3 d5 4. Nc3 Bb4 5. Qa4+ Nc6 6. e3 0-0 7. Qc2 dxc4 8. Bxc4 Re8 9. 0-0 e5 10. Ng5 Rf8 11. Nd5 g6 12. Nxb4 Nxb4 13. Qb3 Nfd5 14. Nxf7 Rxf7 15. e4 Be6 16. exd5 Nxd5 17. dxe5 c6 18. Qg3 Qb6 19. b3 Qd4 20. Bg5 b5 21. Bxd5 Bxd5 22. Bf6 Qe4 23. Rae1 Qf5 24. Re3 a5 25. Rfe1 Qe6 26. Qh4 a4 27. bxa4 Rxa4 28. Qh6 Rxa2 29. Rh3 Qg4 30. Rg3 Qf5 31. f3 Qc2 32. Kh1 Be6 33. h4 Bf5 34. h5 Ra4 35. hxg6 1-0

[Event "Titled Tuesday intern op 28th Jan Early"]
[Site "Chess.com INT"]
[Date "2025.01.28"]
[Round "10"]
[White "Karmanova, Olga Dm"]
[Black "Baches Garcia, Guillermo"]
[Result "0-1"]
[WhiteElo "2316"]
[BlackElo "2322"]
[PlyCount "98"]
[EventDate "2025.01.28"]
[EventType "swiss (blitz)"]
[EventRounds "11"]
[EventCountry "USA"]
[SourceTitle "CB06_2025"]
[SourceDate "2025.02.05"]
[SourceVersion "1"]
[SourceVersionDate "2025.02.05"]
[SourceQuality "1"]

1. d4 e6 2. c4 d5 3. Nf3 Nf6 4. g3 Nc6 5. Bg2 Bd6 6. 0-0 0-0 7. Qc2 dxc4 8. Qxc4 e5 9. dxe5 Nxe5 10. Nxe5 Bxe5 11. Qc2 c6 12. Rd1 Qe7 13. Nc3 Bg4 14. Be3 Rfe8 15. h3 Bh5 16. Bg5 h6 17. Bxf6 Bxf6 18. Ne4 Be5 19. Rd2 Rad8 20. Rad1 Rxd2 21. Qxd2 Bg6 22. g4 Bc7 23. Nc3 Bb6 24. e3 Bc7 25. Qd7 Qe5 26. Kf1 Rd8 27. Qxd8+ Bxd8 28. Rxd8+ Kh7 29. Ke2 Qc7 30. Rd4 Qe7 31. f4 f6 32. f5 Bf7 33. Ne4 Bd5 34. Kf2 Qe5 35. Kg1 Bxe4 36. Rxe4 Qxb2 37. Re8 Qxa2 38. Bf1 b5 39. Bd3 Qd2 40. Be4 Qxe3+ 41. Kg2 Qd2+ 42. Kg3 Qc3+ 43. Kg2 a5 44. h4 a4 45. g5 hxg5 46. hxg5 Qd2+ 47. Kf3 Qxg5 48. Ke2 Qf4 49. Bxc6 Qc4+ 0-1

[Event "Titled Tuesday intern op 28th Jan Early"]
[Site "Chess.com INT"]
[Date "2025.01.28"]
[Round "6"]
[White "Karmanova, Olga Dm"]
[Black "Stanojevic, Ilija"]
[Result "0-1"]
[WhiteElo "2316"]
[BlackElo "2224"]
[PlyCount "64"]
[EventDate "2025.01.28"]
[EventType "swiss (blitz)"]
[EventRounds "11"]
[EventCountry "USA"]
[SourceTitle "CB06_2025"]
[SourceDate "2025.02.05"]
[SourceVersion "1"]
[SourceVersionDate "2025.02.05"]
[SourceQuality "1"]

1. e4 c5 2. Nf3 Nc6 3. Bb5 Qb6 4. Nc3 e6 5. 0-0 Nd4 6. Bc4 Nf6 7. Re1 Nxf3+ 8. Qxf3 e5 9. d3 d6 10. Bg5 Be7 11. Bxf6 Bxf6 12. Nd5 Qd8 13. Bb5+ Kf8 14. a4 Be6 15. Bc4 Rb8 16. h3 Be7 17. c3 g6 18. b4 cxb4 19. cxb4 Kg7 20. Qe3 b6 21. f4 exf4 22. Qxf4 Bf6 23. Ra2 Be5 24. Qf3 Qg5 25. Rf1 Rhf8 26. Kh1 Bxd5 27. Bxd5 f5 28. d4 fxe4 29. Qe2 Rxf1+ 30. Qxf1 Rf8 31. Qd1 Bf4 32. Ra3 e3 0-1

[Event "Yerevan Margaryan Memorial IM"]
[Site "Yerevan"]
[Date "2025.01.15"]
[Round "8"]
[White "Hovakimyan, Vache"]
[Black "Karmanova, Olga Dm"]
[Result "1-0"]
[WhiteElo "2299"]
[BlackElo "2316"]
[PlyCount "156"]
[EventDate "2025.01.08"]
[EventType "tourn"]
[EventRounds "9"]
[EventCountry "ARM"]
[EventCategory "2"]
[SourceTitle "CB04_2025"]
[SourceDate "2025.01.22"]
[SourceVersion "1"]
[SourceVersionDate "2025.01.22"]
[SourceQuality "1"]

1. d4 d5 2. c4 c6 3. Nf3 Nf6 4. Nc3 e6 5. e3 Nbd7 6. Qc2 a5 7. e4 dxe4 8. Nxe4 Nxe4 9. Qxe4 Bb4+ 10. Bd2 Bxd2+ 11. Nxd2 Nf6 12. Qe3 0-0 13. Be2 b5 14. cxb5 cxb5 15. Bxb5 Bb7 16. f3 Nd5 17. Qf2 Rc8 18. Ne4 Nb4 19. Nc3 Bc6 20. a3 Nc2+ 21. Qxc2 Bxb5 22. 0-0-0 Bc4 23. Kb1 Rb8 24. Rd2 Qe7 25. Ne4 Rfc8 26. Nc5 Bd5 27. Rc1 h6 28. f4 Qh4 29. g3 Qg4 30. Ka1 h5 31. Qc3 h4 32. Qe3 Qh3 33. Rg1 a4 34. Qe2 hxg3 35. hxg3 Rc6 36. Qe5 Rb5 37. Rf2 Rcb6 38. Nxa4 Bb3 39. Qe4 Bd5 40. Qe5 Bb3 41. Qe4 Bd5 42. Qe2 Rb8 43. Rh2 Qf5 44. Qh5 Qxh5 45. Rxh5 Rb3 46. Rh2 Rd3 47. Nc3 Bf3 48. g4 Rd8 49. Rg3 R8xd4 50. Rhh3 Rxf4 51. Kb1 e5 52. Kc2 e4 53. Nxe4 Bxe4 54. Rxd3 Rxg4 55. b4 f5 56. Kc3 Bxd3 57. Rxd3 Rg1 58. Rf3 g6 59. b5 Kf7 60. a4 Ke6 61. Kc4 Kd6 62. Rd3+ Kc7 63. Kb4 g5 64. Ka5 g4 65. b6+ Kb7 66. Rd7+ Kc6 67. Rf7 Rf1 68. Ka6 g3 69. Rf6+ Kd7 70. Rg6 f4 71. b7 Rb1 72. Ka7 Kc7 73. Rg7+ Kd6 74. b8Q+ Rxb8 75. Kxb8 Ke5 76. a5 Ke4 77. a6 f3 78. a7 Ke5 1-0